Epidemiología sociocultural: una perspectiva necesaria /

Bewaard in:
Bibliografische gegevens
Hoofdauteur: Hersch-Martínez, Paul
Formaat: Texto
Tags: Voeg label toe
Geen labels, Wees de eerste die dit record labelt!

MARC

LEADER 00000 a a2200000 04500
001 46166
003
040
100 |a Hersch-Martínez, Paul  
245 |a Epidemiología sociocultural:   |b una perspectiva necesaria /  |c Paul Hersch Martínez  
773 |g volumen55, número5 ( , 2013), páginas 512-518  
999 |c 36991  |d 36991